Musicians By Initial: The Letter E - Statistics

General Stats
  • This quiz has been taken 258 times
  • The average score is 7 of 20
Answer Stats
Inits Clue Answer % Correct
EF Legendary jazz singer; 'The First Lady of Song' Ella Fitzgerald
81%
EJ Born Reg Dwight Elton John
78%
EV Pearl Jam singer Eddie Vedder
69%
EI 'King Of Latin Pop' Scored a major international hit with 'Bailamos' Enrique Iglesias
69%
EP Last single in his lifetime was 'Way Down.' It became a posthumous no.1 in the UK Elvis Presley
52%
EM Italian composer, best known for film scores, including 'One Upon A Time In The West' Ennio Morricone
44%
EB Singer with The Animals Eric Burdon
42%
EC Watching The Detectives Elvis Costello
41%
EE English composer, best known for his 'Enigma Variations' Edward Elgar
39%
ES His recording of 'War' topped the US Billboard charts in 1970 Edwin Starr
39%
EK "Champagne" disco singer. Hit the charts with 'Shame' in 1977 Evelyn "Champagne" King
31%
EH UK pop ballad singer. Topped the UK charts in 1967 with 'The Last Waltz' Englebert Humperdinck
29%
EW His 'Frankenstein' was a monster hit in the USA Edgar Winter
24%
ER Scottish female singer-songwriter. She first found fame with Fairground Attraction. Eddi Reader
17%
ED Lead singer of The Lemonheads Evan Dando
14%
EO Female half of the Israeli folk duo who recorded 'Cinderella Rockefella' Esther Ofarim
11%
EA American country singer (1918-2008) Best known for 'Make The World Go Away' Eddy Arnold
10%
ET American female singer who topped the US dance chart with her HI-NRG song 'High Energy' Evelyn Thomas
10%
EG American jazz pianist, best known for his composition: 'Misty' Errol Garner
5%
EN C&W singer. He gained cult status for his 1968 recording of the murder ballad 'Psycho' Eddie Noack
2%
No matching quizzes found
Score Distribution
Percent of People with Each Score
Percentile by Number Answered
Your Score History
You have not taken this quiz